[Event "ABC-4 2025 Groep B"]
[Site "Utrecht"]
[Date "2025.03.15"]
[Round "2.6"]
[White "Darie, Aden"]
[Black "Van Haaften, Jelle"]
[Result "1-0"]
[WhiteFideId "8971622"]
[BlackFideId "8687283"]
[WhiteElo "1878"]
[BlackElo "1843"]

1. e4 {[%clk 00:54:57]} {[%emt 00:00:22]} c6 {[%clk 00:55:18]} {[%emt
00:00:03]} 2. d4 {[%clk 00:54:17]} {[%emt 00:00:50]} d5 {[%clk 00:55:26]}
{[%emt 00:00:02]} 3. e5 {[%clk 00:53:58]} {[%emt 00:00:29]} c5 {[%clk
00:55:33]} {[%emt 00:00:04]} 4. Nf3 {[%clk 00:53:43]} {[%emt 00:00:25]} Nc6
{[%clk 00:55:34]} {[%emt 00:00:09]} 5. c4 {[%clk 00:52:56]} {[%emt 00:00:57]}
e6 {[%clk 00:53:18]} {[%emt 00:02:24]} 6. Nc3 {[%clk 00:48:33]} {[%emt
00:04:33]} cxd4 {[%clk 00:51:29]} {[%emt 00:02:00]} 7. Nxd4 {[%clk 00:48:33]}
{[%emt 00:00:09]} Bc5 {[%clk 00:51:12]} {[%emt 00:00:27]} 8. Nxc6 {[%clk
00:46:02]} {[%emt 00:02:41]} bxc6 {[%clk 00:51:18]} {[%emt 00:00:05]} 9. Qg4
{[%clk 00:45:59]} {[%emt 00:00:13]} g6 {[%clk 00:47:35]} {[%emt 00:03:53]} 10.
Bd3 {[%clk 00:41:02]} {[%emt 00:05:05]} dxc4 {[%clk 00:46:40]} {[%emt
00:01:06]} 11. Qxc4 {[%clk 00:40:10]} {[%emt 00:01:03]} Qd4 {[%clk 00:46:43]}
{[%emt 00:00:07]} 12. Qxd4 {[%clk 00:38:45]} {[%emt 00:01:35]} Bxd4 {[%clk
00:46:50]} {[%emt 00:00:03]} 13. Bf4 {[%clk 00:37:57]} {[%emt 00:00:56]} Ne7
{[%clk 00:45:45]} {[%emt 00:01:15]} 14. Ne4 {[%clk 00:36:02]} {[%emt 00:02:04]}
Nd5 {[%clk 00:44:58]} {[%emt 00:00:58]} 15. Nd6+ {[%clk 00:34:38]} {[%emt
00:01:33]} Ke7 {[%clk 00:44:33]} {[%emt 00:00:35]} 16. Bg5+ {[%clk 00:31:49]}
{[%emt 00:03:01]} f6 {[%clk 00:43:56]} {[%emt 00:00:48]} 17. Bxf6+ {[%clk
00:31:53]} {[%emt 00:00:05]} Nxf6 {[%clk 00:43:53]} {[%emt 00:00:13]} 18. Nxc8+
{[%clk 00:31:59]} {[%emt 00:00:05]} Raxc8 {[%clk 00:43:18]} {[%emt 00:00:44]}
19. exf6+ {[%clk 00:32:04]} {[%emt 00:00:06]} Bxf6 {[%clk 00:43:14]} {[%emt
00:00:14]} 20. O-O-O {[%clk 00:31:36]} {[%emt 00:00:37]} c5 {[%clk 00:41:13]}
{[%emt 00:02:12]} 21. b3 {[%clk 00:31:13]} {[%emt 00:00:32]} Bd4 {[%clk
00:39:29]} {[%emt 00:01:54]} 22. f3 {[%clk 00:31:00]} {[%emt 00:00:23]} a5
{[%clk 00:37:20]} {[%emt 00:02:21]} 23. a4 {[%clk 00:30:46]} {[%emt 00:00:23]}
Rb8 {[%clk 00:37:14]} {[%emt 00:00:16]} 24. Kc2 {[%clk 00:30:41]} {[%emt
00:00:14]} Rhf8 {[%clk 00:35:41]} {[%emt 00:01:44]} 25. h4 {[%clk 00:30:15]}
{[%emt 00:00:36]} Rb7 {[%clk 00:33:03]} {[%emt 00:02:48]} 26. h5 {[%clk
00:28:34]} {[%emt 00:01:51]} Kf6 {[%clk 00:32:48]} {[%emt 00:00:25]} 27. hxg6
{[%clk 00:25:23]} {[%emt 00:03:21]} hxg6 {[%clk 00:32:56]} {[%emt 00:00:02]} 28.
Rde1 {[%clk 00:24:18]} {[%emt 00:01:15]} e5 {[%clk 00:30:30]} {[%emt 00:02:36]}
29. Rh6 {[%clk 00:24:00]} {[%emt 00:00:26]} Rg8 {[%clk 00:29:57]} {[%emt
00:00:45]} 30. Re4 {[%clk 00:23:24]} {[%emt 00:00:45]} Rgb8 {[%clk 00:27:55]}
{[%emt 00:02:13]} 31. Bc4 {[%clk 00:16:30]} {[%emt 00:07:04]} Kg7 {[%clk
00:26:04]} {[%emt 00:02:01]} 32. Reh4 {[%clk 00:16:15]} {[%emt 00:00:24]} Be3
{[%clk 00:26:00]} {[%emt 00:00:14]} 33. Rh7+ {[%clk 00:16:05]} {[%emt
00:00:21]} Kf6 {[%clk 00:26:08]} 34. Bd5 {[%clk 00:15:10]} {[%emt 00:01:04]}
Rb4 {[%clk 00:25:33]} {[%emt 00:00:45]} 35. Re4 {[%clk 00:10:36]} {[%emt
00:04:42]} Rxe4 {[%clk 00:22:30]} {[%emt 00:03:15]} 36. Rf7+ {[%clk 00:08:46]}
{[%emt 00:02:00]} Kg5 {[%clk 00:22:27]} {[%emt 00:00:13]} 37. Bxe4 {[%clk
00:08:53]} {[%emt 00:00:03]} Rd8 {[%clk 00:20:56]} {[%emt 00:01:41]} 38. Bd3
{[%clk 00:08:46]} {[%emt 00:00:18]} Kh4 {[%clk 00:20:31]} {[%emt 00:00:35]} 39.
g4 {[%clk 00:08:05]} {[%emt 00:00:51]} g5 {[%clk 00:19:52]} {[%emt 00:00:49]}
40. Re7 {[%clk 00:07:04]} {[%emt 00:01:11]} Bd4 {[%clk 00:19:10]} {[%emt
00:00:52]} 41. Be4 {[%clk 00:06:46]} {[%emt 00:00:28]} Rc8 {[%clk 00:16:57]}
{[%emt 00:02:23]} 42. Ra7 {[%clk 00:05:36]} {[%emt 00:01:19]} c4 {[%clk
00:16:39]} {[%emt 00:00:28]} 43. Rxa5 {[%clk 00:05:31]} {[%emt 00:00:15]} cxb3+
{[%clk 00:16:07]} {[%emt 00:00:42]} 44. Kxb3 {[%clk 00:05:30]} {[%emt
00:00:11]} Kg3 {[%clk 00:16:02]} {[%emt 00:00:15]} 45. Ra8 {[%clk 00:04:50]}
{[%emt 00:00:51]} Rc3+ {[%clk 00:14:43]} {[%emt 00:01:28]} 46. Kb4 {[%clk
00:04:52]} {[%emt 00:00:08]} Rxf3 {[%clk 00:13:28]} {[%emt 00:01:25]} 47. Bxf3
{[%clk 00:04:16]} {[%emt 00:00:46]} Kxf3 {[%clk 00:13:35]} {[%emt 00:00:02]} 48.
Rd8 {[%clk 00:04:01]} {[%emt 00:00:25]} Bf2 {[%clk 00:12:34]} {[%emt 00:01:10]}
49. Rf8+ {[%clk 00:04:01]} {[%emt 00:00:10]} Kg3 {[%clk 00:12:26]} {[%emt
00:00:18]} 50. Rf5 {[%clk 00:03:42]} {[%emt 00:00:30]} Be1+ {[%clk 00:11:44]}
{[%emt 00:00:51]} 51. Kc4 {[%clk 00:03:41]} {[%emt 00:00:11]} Kxg4 {[%clk
00:11:24]} {[%emt 00:00:29]} 52. Rxe5 {[%clk 00:03:50]} {[%emt 00:00:02]} Bf2
{[%clk 00:11:17]} {[%emt 00:00:16]} 53. Kd3 {[%clk 00:03:52]} {[%emt 00:00:09]}
Kf4 {[%clk 00:10:31]} {[%emt 00:00:55]} 54. Re8 {[%clk 00:04:01]} {[%emt
00:00:02]} g4 {[%clk 00:09:31]} {[%emt 00:01:10]} 55. Rf8+ {[%clk 00:04:02]}
{[%emt 00:00:08]} Kg3 {[%clk 00:09:34]} {[%emt 00:00:07]} 56. Ke2 {[%clk
00:04:12]} {[%emt 00:00:01]} Bd4 {[%clk 00:09:16]} {[%emt 00:00:27]} 57. Kf1
{[%clk 00:03:35]} {[%emt 00:00:47]} Kh2 {[%clk 00:08:51]} {[%emt 00:00:33]} 58.
Rf7 {[%clk 00:03:34]} {[%emt 00:00:13]} Bb6 {[%clk 00:08:16]} {[%emt 00:00:45]}
59. Rh7+ {[%clk 00:03:40]} {[%emt 00:00:04]} Kg3 {[%clk 00:08:21]} {[%emt
00:00:04]} 60. Rh5 {[%clk 00:03:42]} {[%emt 00:00:08]} Kf3 {[%clk 00:08:02]}
{[%emt 00:00:29]} 61. a5 {[%clk 00:03:45]} {[%emt 00:00:07]} Ba7 {[%clk
00:08:06]} {[%emt 00:00:06]} 62. Rf5+ {[%clk 00:03:45]} {[%emt 00:00:10]} Ke4
{[%clk 00:08:07]} {[%emt 00:00:09]} 63. Rf7 {[%clk 00:03:54]} {[%emt 00:00:02]}
Bb8 {[%clk 00:06:03]} {[%emt 00:02:11]} 64. a6 {[%clk 00:03:51]} {[%emt
00:00:16]} 1-0

[Event "ABC-4 2025 Groep B"]
[Site "Utrecht"]
[Date "2025.03.15"]
[Round "2.7"]
[White "Deij, Casper"]
[Black "Kshirsagar, Pranav"]
[Result "0-1"]
[WhiteFideId "8844990"]
[BlackFideId "8887615"]
[WhiteElo "1673"]
[BlackElo "2161"]

1. e4 {[%clk 00:55:17]} {[%emt 00:00:05]} c6 {[%clk 00:55:18]} 2. Nf3 {[%clk
00:55:18]} {[%emt 00:00:10]} d5 {[%clk 00:55:22]} {[%emt 00:00:05]} 3. exd5
{[%clk 00:55:20]} {[%emt 00:00:08]} cxd5 {[%clk 00:55:27]} {[%emt 00:00:05]} 4.
d4 {[%clk 00:55:27]} {[%emt 00:00:03]} Nc6 {[%clk 00:55:28]} {[%emt 00:00:09]}
5. c3 {[%clk 00:55:31]} {[%emt 00:00:06]} Nf6 {[%clk 00:55:20]} {[%emt
00:00:18]} 6. Bf4 {[%clk 00:55:28]} {[%emt 00:00:14]} g6 {[%clk 00:54:22]}
{[%emt 00:01:08]} 7. Bd3 {[%clk 00:54:46]} {[%emt 00:00:52]} Bg7 {[%clk
00:54:25]} {[%emt 00:00:06]} 8. Nbd2 {[%clk 00:54:51]} {[%emt 00:00:05]} Nh5
{[%clk 00:53:25]} {[%emt 00:01:09]} 9. Bg3 {[%clk 00:54:06]} {[%emt 00:00:55]}
O-O {[%clk 00:52:27]} {[%emt 00:01:08]} 10. Qc2 {[%clk 00:52:51]} {[%emt
00:01:25]} a6 {[%clk 00:50:57]} {[%emt 00:01:41]} 11. O-O-O {[%clk 00:51:47]}
{[%emt 00:01:13]} b5 {[%clk 00:43:14]} {[%emt 00:07:52]} 12. a3 {[%clk
00:49:48]} {[%emt 00:02:10]} Na5 {[%clk 00:41:07]} {[%emt 00:02:17]} 13. h3
{[%clk 00:47:05]} {[%emt 00:02:53]} Nxg3 {[%clk 00:31:02]} {[%emt 00:10:15]} 14.
fxg3 {[%clk 00:47:06]} {[%emt 00:00:09]} Nc4 {[%clk 00:31:03]} {[%emt
00:00:09]} 15. Rde1 {[%clk 00:37:27]} {[%emt 00:09:48]} a5 {[%clk 00:27:33]}
{[%emt 00:03:41]} 16. Nxc4 {[%clk 00:33:08]} {[%emt 00:04:29]} bxc4 {[%clk
00:27:09]} {[%emt 00:00:35]} 17. Be2 {[%clk 00:33:03]} {[%emt 00:00:15]} Bh6+
{[%clk 00:26:08]} {[%emt 00:01:11]} 18. Nd2 {[%clk 00:30:35]} {[%emt 00:02:38]}
Bf5 {[%clk 00:26:10]} {[%emt 00:00:08]} 19. Qa4 {[%clk 00:25:57]} {[%emt
00:04:48]} Qb6 {[%clk 00:24:37]} {[%emt 00:01:43]} 20. g4 {[%clk 00:23:10]}
{[%emt 00:02:57]} Rab8 {[%clk 00:24:19]} {[%emt 00:00:29]} 21. gxf5 {[%clk
00:21:18]} {[%emt 00:02:01]} Qxb2+ {[%clk 00:24:21]} {[%emt 00:00:08]} 22. Kd1
{[%clk 00:21:24]} {[%emt 00:00:04]} Qxd2# {[%clk 00:24:22]} {[%emt 00:00:09]}
0-1

[Event "ABC-4 2025 Groep B"]
[Site "Utrecht"]
[Date "2025.03.15"]
[Round "2.8"]
[White "Heus, Daan"]
[Black "Zdravkovic, Andrija"]
[Result "1-0"]
[WhiteFideId "8814652"]
[BlackFideId "8834606"]
[WhiteElo "1956"]
[BlackElo "1792"]

1. d4 {[%clk 00:55:17]} {[%emt 00:00:02]} d5 {[%clk 00:55:17]} {[%emt
00:00:04]} 2. c4 {[%clk 00:55:23]} {[%emt 00:00:04]} c6 {[%clk 00:55:23]}
{[%emt 00:00:04]} 3. cxd5 {[%clk 00:55:30]} {[%emt 00:00:04]} cxd5 {[%clk
00:55:26]} {[%emt 00:00:07]} 4. Bg5 {[%clk 00:55:36]} {[%emt 00:00:03]} h6
{[%clk 00:55:13]} {[%emt 00:00:23]} 5. Bh4 {[%clk 00:55:41]} {[%emt 00:00:05]}
Nc6 {[%clk 00:55:05]} {[%emt 00:00:19]} 6. Nc3 {[%clk 00:55:46]} {[%emt
00:00:05]} Bf5 {[%clk 00:54:49]} {[%emt 00:00:26]} 7. e3 {[%clk 00:54:31]}
{[%emt 00:01:25]} Qa5 {[%clk 00:54:05]} {[%emt 00:00:54]} 8. Qb3 {[%clk
00:49:56]} {[%emt 00:04:46]} b6 {[%clk 00:50:43]} {[%emt 00:03:32]} 9. Qxd5
{[%clk 00:48:03]} {[%emt 00:02:03]} Qxd5 {[%clk 00:50:11]} {[%emt 00:00:42]} 10.
Nxd5 {[%clk 00:48:11]} {[%emt 00:00:02]} Rd8 {[%clk 00:50:21]} 11. Bb5 {[%clk
00:47:29]} {[%emt 00:00:53]} Rc8 {[%clk 00:49:40]} {[%emt 00:00:50]} 12. Rc1
{[%clk 00:45:48]} {[%emt 00:01:51]} Bd7 {[%clk 00:48:45]} {[%emt 00:01:05]} 13.
Nb4 {[%clk 00:44:05]} {[%emt 00:01:53]} e6 {[%emt 00:00:23]} 14. Nxc6 {[%emt
00:00:02]} a6 {[%emt 00:00:02]} 15. Bxa6 {[%emt 00:00:14]} 1-0

[Event "ABC-4 2025 Groep B"]
[Site "Utrecht"]
[Date "2025.03.15"]
[Round "2.9"]
[White "Vermeulen, Ilona"]
[Black "Kolijn, David"]
[Result "0-1"]
[WhiteFideId "8968982"]
[BlackFideId "8881345"]
[WhiteElo "1416"]
[BlackElo "1900"]

1. d4 {[%clk 00:55:17]} {[%emt 00:00:03]} f5 {[%clk 00:55:16]} {[%emt
00:00:04]} 2. c4 {[%clk 00:54:54]} {[%emt 00:00:33]} Nf6 {[%clk 00:55:21]}
{[%emt 00:00:04]} 3. Nc3 {[%clk 00:54:32]} {[%emt 00:00:32]} g6 {[%clk
00:55:10]} {[%emt 00:00:21]} 4. Nf3 {[%clk 00:52:11]} {[%emt 00:02:32]} Bg7
{[%clk 00:55:14]} {[%emt 00:00:06]} 5. e3 {[%clk 00:51:02]} {[%emt 00:01:20]}
O-O {[%clk 00:55:03]} {[%emt 00:00:21]} 6. g3 {[%clk 00:49:42]} {[%emt
00:01:30]} d6 {[%clk 00:54:50]} {[%emt 00:00:23]} 7. Bg2 {[%clk 00:47:41]}
{[%emt 00:02:11]} c6 {[%clk 00:54:13]} {[%emt 00:00:48]} 8. O-O {[%clk
00:45:55]} {[%emt 00:01:56]} Qe8 {[%clk 00:51:58]} {[%emt 00:02:24]} 9. Re1
{[%clk 00:39:06]} {[%emt 00:06:59]} Qf7 {[%clk 00:46:23]} {[%emt 00:05:45]} 10.
Qb3 {[%clk 00:31:11]} {[%emt 00:08:05]} Ne4 {[%clk 00:43:33]} {[%emt 00:03:00]}
11. Nd2 {[%clk 00:29:31]} {[%emt 00:01:50]} Nxc3 {[%clk 00:42:45]} {[%emt
00:00:59]} 12. bxc3 {[%clk 00:29:12]} {[%emt 00:00:29]} e5 {[%clk 00:35:00]}
{[%emt 00:07:55]} 13. Ba3 {[%clk 00:28:02]} {[%emt 00:01:20]} Rd8 {[%clk
00:33:58]} {[%emt 00:01:12]} 14. d5 {[%clk 00:24:39]} {[%emt 00:03:33]} c5
{[%emt 00:09:10]} 15. f4 {[%clk 00:16:03]} e4 {[%clk 00:31:51]} {[%emt
00:02:03]} 16. g4 {[%clk 00:12:14]} {[%emt 00:03:59]} Qf6 {[%clk 00:31:11]}
{[%emt 00:00:49]} 17. Bb2 {[%clk 00:11:31]} {[%emt 00:00:54]} Qh4 {[%clk
00:30:16]} {[%emt 00:01:05]} 18. g5 {[%clk 00:10:46]} {[%emt 00:00:55]} h6
{[%clk 00:29:59]} {[%emt 00:00:27]} 19. gxh6 {[%clk 00:10:50]} {[%emt
00:00:06]} Qxh6 {[%clk 00:29:40]} {[%emt 00:00:28]} 20. Qd1 {[%clk 00:09:10]}
{[%emt 00:01:51]} Kf7 {[%clk 00:28:31]} {[%emt 00:01:18]} 21. Rf1 {[%clk
00:08:33]} {[%emt 00:00:48]} Rh8 {[%clk 00:27:52]} {[%emt 00:00:49]} 22. h3
{[%clk 00:08:27]} {[%emt 00:00:16]} Ke7 {[%clk 00:24:25]} {[%emt 00:03:36]} 23.
Qe2 {[%clk 00:07:51]} {[%emt 00:00:46]} Bf6 {[%clk 00:24:03]} {[%emt 00:00:32]}
24. Rad1 {[%clk 00:06:27]} {[%emt 00:01:34]} g5 {[%clk 00:21:24]} {[%emt
00:02:49]} 25. Rc1 {[%clk 00:05:20]} {[%emt 00:01:17]} g4 {[%clk 00:20:14]}
{[%emt 00:01:19]} 26. Rf2 {[%clk 00:03:02]} {[%emt 00:02:29]} gxh3 {[%clk
00:19:44]} {[%emt 00:00:39]} 27. Bxh3 {[%clk 00:03:01]} {[%emt 00:00:10]} Qxh3
{[%clk 00:19:17]} {[%emt 00:00:37]} 28. Rh2 {[%clk 00:03:02]} {[%emt 00:00:10]}
Qxh2+ {[%clk 00:19:01]} {[%emt 00:00:26]} 29. Qxh2 {[%clk 00:03:10]} {[%emt
00:00:01]} Rxh2 {[%clk 00:19:09]} {[%emt 00:00:02]} 30. Kxh2 {[%clk 00:03:20]}
Bd7 {[%clk 00:18:38]} {[%emt 00:00:42]} 31. Kg3 {[%clk 00:03:27]} {[%emt
00:00:03]} Na6 {[%clk 00:18:33]} {[%emt 00:00:14]} 32. Rh1 {[%clk 00:03:31]}
{[%emt 00:00:05]} Rg8+ {[%clk 00:18:37]} {[%emt 00:00:07]} 33. Kf2 {[%clk
00:03:33]} {[%emt 00:00:09]} Rh8 {[%clk 00:16:30]} {[%emt 00:02:15]} 34. Rxh8
{[%clk 00:03:14]} {[%emt 00:00:30]} Bxh8 {[%clk 00:16:39]} {[%emt 00:00:02]} 35.
Kg3 {[%clk 00:03:22]} {[%emt 00:00:02]} Bf6 {[%clk 00:16:28]} {[%emt 00:00:21]}
36. Nb1 {[%clk 00:03:01]} {[%emt 00:00:31]} Nc7 {[%clk 00:15:37]} {[%emt
00:01:01]} 37. Bc1 {[%clk 00:03:03]} {[%emt 00:00:08]} b5 {[%clk 00:15:15]}
{[%emt 00:00:31]} 38. cxb5 {[%clk 00:02:56]} {[%emt 00:00:18]} Bxb5 {[%clk
00:15:07]} {[%emt 00:00:17]} 39. Na3 {[%clk 00:02:26]} {[%emt 00:00:39]} Bxc3
{[%clk 00:14:51]} {[%emt 00:00:26]} 40. Nxb5 {[%clk 00:02:33]} {[%emt
00:00:04]} Nxb5 {[%clk 00:14:59]} {[%emt 00:00:01]} 41. a4 {[%clk 00:02:38]}
{[%emt 00:00:05]} Nc7 {[%clk 00:14:53]} {[%emt 00:00:16]} 42. Kh4 {[%clk
00:02:45]} {[%emt 00:00:04]} Bf6+ {[%clk 00:14:44]} {[%emt 00:00:18]} 43. Kh5
{[%clk 00:02:45]} {[%emt 00:00:10]} Kf7 {[%clk 00:14:26]} {[%emt 00:00:28]} 44.
Bd2 {[%clk 00:02:47]} {[%emt 00:00:09]} Nxd5 {[%clk 00:14:11]} {[%emt
00:00:25]} 45. Bc1 {[%clk 00:02:50]} {[%emt 00:00:07]} Nc3 {[%clk 00:13:59]}
{[%emt 00:00:21]} 46. a5 {[%clk 00:02:58]} {[%emt 00:00:03]} d5 {[%clk
00:13:44]} {[%emt 00:00:25]} 47. Ba3 {[%clk 00:02:35]} {[%emt 00:00:33]} Be7
{[%clk 00:13:29]} {[%emt 00:00:25]} 48. Bb2 {[%clk 00:02:34]} {[%emt 00:00:11]}
d4 {[%clk 00:13:24]} {[%emt 00:00:14]} 49. Bc1 {[%clk 00:02:05]} {[%emt
00:00:39]} Nd5 {[%clk 00:12:46]} {[%emt 00:00:47]} 50. exd4 {[%clk 00:01:59]}
{[%emt 00:00:17]} cxd4 {[%clk 00:12:54]} {[%emt 00:00:02]} 51. Bb2 {[%clk
00:02:01]} {[%emt 00:00:08]} d3 {[%clk 00:12:38]} {[%emt 00:00:25]} 52. Bd4
{[%clk 00:02:00]} {[%emt 00:00:11]} d2 {[%clk 00:12:37]} {[%emt 00:00:11]} 0-1

[Event "ABC-4 2025 Groep B"]
[Site "Utrecht"]
[Date "2025.03.15"]
[Round "2.10"]
[White "Frederiks, Jesse"]
[Black "Xu, Nicholas M"]
[Result "1-0"]
[WhiteFideId "8829810"]
[BlackFideId "8883281"]
[WhiteElo "1887"]
[BlackElo "1794"]

1. d4 {[%clk 00:55:16]} {[%emt 00:00:03]} Nf6 {[%clk 00:55:12]} {[%emt
00:00:08]} 2. Nf3 {[%clk 00:55:19]} {[%emt 00:00:06]} g6 {[%clk 00:55:13]}
{[%emt 00:00:10]} 3. e3 {[%clk 00:54:33]} {[%emt 00:00:56]} Bg7 {[%clk
00:55:16]} {[%emt 00:00:07]} 4. Bd3 {[%clk 00:54:17]} {[%emt 00:00:25]} O-O
{[%clk 00:55:10]} {[%emt 00:00:17]} 5. b3 {[%clk 00:53:39]} {[%emt 00:00:48]}
c6 {[%clk 00:53:42]} {[%emt 00:01:38]} 6. Bb2 {[%clk 00:53:09]} {[%emt
00:00:39]} d5 {[%clk 00:52:59]} {[%emt 00:00:53]} 7. Nbd2 {[%clk 00:52:40]}
{[%emt 00:00:39]} Nbd7 {[%clk 00:51:58]} {[%emt 00:01:12]} 8. O-O {[%clk
00:51:35]} {[%emt 00:01:15]} Re8 {[%clk 00:48:54]} {[%emt 00:03:14]} 9. Qe2
{[%clk 00:48:39]} {[%emt 00:03:06]} Nb6 {[%clk 00:46:13]} {[%emt 00:02:51]} 10.
Ne5 {[%clk 00:46:13]} {[%emt 00:02:35]} Nfd7 {[%clk 00:45:14]} {[%emt
00:01:10]} 11. f4 {[%clk 00:42:55]} {[%emt 00:03:28]} f5 {[%clk 00:43:24]}
{[%emt 00:02:00]} 12. Ndf3 {[%clk 00:41:08]} {[%emt 00:01:56]} Nf6 {[%clk
00:42:46]} {[%emt 00:00:50]} 13. c4 {[%clk 00:37:53]} {[%emt 00:03:25]} Nbd7
{[%clk 00:42:05]} {[%emt 00:00:51]} 14. Rac1 {[%clk 00:35:23]} {[%emt
00:02:40]} Ne4 {[%clk 00:40:15]} {[%emt 00:02:00]} 15. cxd5 {[%clk 00:34:44]}
{[%emt 00:00:48]} cxd5 {[%clk 00:40:10]} {[%emt 00:00:15]} 16. Bb5 {[%clk
00:34:35]} {[%emt 00:00:19]} a6 {[%clk 00:39:52]} {[%emt 00:00:29]} 17. Rxc8
{[%clk 00:34:23]} {[%emt 00:00:22]} Rxc8 {[%clk 00:30:34]} {[%emt 00:09:28]} 18.
Bxd7 {[%clk 00:34:19]} {[%emt 00:00:14]} Qa5 {[%clk 00:28:26]} {[%emt
00:02:18]} 19. Be6+ {[%clk 00:33:28]} {[%emt 00:01:00]} Kh8 {[%clk 00:26:54]}
{[%emt 00:01:43]} 20. Nf7+ {[%clk 00:33:15]} {[%emt 00:00:24]} Kg8 {[%clk
00:27:02]} {[%emt 00:00:02]} 21. Nd6+ {[%clk 00:32:48]} {[%emt 00:00:36]} Kf8
{[%clk 00:26:08]} {[%emt 00:01:04]} 22. Nxc8 {[%clk 00:32:46]} {[%emt
00:00:13]} Qxa2 {[%clk 00:24:37]} {[%emt 00:01:41]} 23. Nb6 {[%clk 00:32:25]}
{[%emt 00:00:30]} Rd8 {[%clk 00:23:22]} {[%emt 00:01:24]} 24. Qc2 {[%clk
00:23:21]} {[%emt 00:09:15]} Qa5 {[%clk 00:18:58]} {[%emt 00:04:35]} 25. Qc7
{[%clk 00:22:41]} {[%emt 00:00:48]} Ra8 {[%clk 00:17:59]} {[%emt 00:01:10]} 26.
Nd7+ {[%clk 00:22:37]} {[%emt 00:00:14]} Ke8 {[%clk 00:17:33]} {[%emt
00:00:37]} 27. Qxa5 {[%clk 00:22:41]} {[%emt 00:00:06]} b5 {[%clk 00:17:28]}
{[%emt 00:00:14]} 28. Rc1 {[%clk 00:22:11]} {[%emt 00:00:39]} Nd6 {[%clk
00:17:15]} {[%emt 00:00:24]} 29. Ba3 {[%clk 00:20:34]} {[%emt 00:01:47]} Ne4
{[%clk 00:16:14]} {[%emt 00:01:11]} 30. Qxa6 {[%clk 00:20:15]} {[%emt
00:00:30]} Rxa6 {[%clk 00:15:23]} {[%emt 00:01:01]} 31. Rc8# {[%clk 00:20:18]}
{[%emt 00:00:06]} 1-0